Prieskum študijných programov na druhom stupni štúdia v odbore ekonómia a manažment na Slovensku

Porovnanie študijných programov zameraných na ekonomiku a manažment v rámci študijného odboru ekonómia a manažment na druhom stupni štúdia. Komparácia sa uskutočňuje pri obsahovej náplni programov, v menšej miere aj pri profile absolventa, organizácii štúdia a vzdelávacích metódach.

Salvato in:
Dettagli Bibliografici
Autore principale: Mišún, Juraj, 1978-
Altri autori: Puhovichová, Diana, 1994-
Natura: Capitolo di libro
Lingua:slovacco
Soggetti:
Tags: Aggiungi Tag
Nessun Tag, puoi essere il primo ad aggiungerne!!

MARC

LEADER 00000naa$a2200000$$$4500
001 0288164
005 20240502074422.2
041 0 |a slo 
044 |a SK 
245 1 0 |a Prieskum študijných programov na druhom stupni štúdia v odbore ekonómia a manažment na Slovensku  |c Juraj Mišún, Diana Puhovichová 
520 |a Porovnanie študijných programov zameraných na ekonomiku a manažment v rámci študijného odboru ekonómia a manažment na druhom stupni štúdia. Komparácia sa uskutočňuje pri obsahovej náplni programov, v menšej miere aj pri profile absolventa, organizácii štúdia a vzdelávacích metódach. 
610 2 0 |a vzdelanie ekonomické 
610 2 0 |a vzdelanie vysokoškolské 
610 2 0 |a odbory študijné 
610 2 0 |a analýza komparatívna 
610 2 0 |a absolventi 
100 1 |a Mišún, Juraj, 1978- 
700 1 |a Puhovichová, Diana, 1994-